000 00699nam a2200253Ia 4500
003 OSt
005 20220918185124.0
006 a|||||r|||| 00| 0
007 ta
008 220917b |||||||| |||| 00| 0 eng d
024 _a49,667
037 _cTextual
040 _aARTS
_cARTS
_beng
041 _2eng
_aeng
082 _aP,5:3:(G), M8
100 _aHaiman John
_967879
245 0 _aClause combining in Grammar and discourse
260 _aAmsterdam
_bJohn Benjamin
_c1988
300 _axiii, 442p.
_ccm.
650 _aLINGUISTICS
700 _a Thompson Sandra A
_967880
942 _hP,5:3:(G), M8
_cTEXL
_2CC
999 _c179289
_d179289